La responsabilidad social empresarial y su contribución al Desarrollo Regional.
Uloženo v:
| Hlavní autor: | |
|---|---|
| Další autoři: | |
| Médium: | Elektronický zdroj |
| Jazyk: | španělština |
| Vydáno: |
Chillán.
UNACH, Facultad de Ingeniería y Negocios.
2008.
|
| Témata: | |
| Tagy: |
Přidat tag
Žádné tagy, Buďte první, kdo vytvoří štítek k tomuto záznamu!
|
MARC
| LEADER | 00000am aa2200000a 4500 | ||
|---|---|---|---|
| 003 | CL-ChBUA | ||
| 005 | 20120815091633.0 | ||
| 008 | 090810s2008 cl ||||| |||| ||||||spa | ||
| 040 | |a CL-ChBUA |c CL-ChBUA | ||
| 090 | |c 26584 |d 26584 | ||
| 100 | 1 | |a Ceballos Henríquez, Diego. | |
| 245 | 1 | 0 | |a La responsabilidad social empresarial y su contribución al Desarrollo Regional. |
| 260 | |a Chillán. |b UNACH, Facultad de Ingeniería y Negocios. |c 2008. | ||
| 300 | |a CD ROM. | ||
| 500 | |a Seminario. | ||
| 504 | |a Indice. | ||
| 650 | 4 | |a ADMINISTRACIÓN DE EMPRESAS. | |
| 700 | 1 | |a Rebolledo Silva, Israel. | |
| 942 | |c LTS | ||
| 945 | |a Mario Abos-Padilla. |c Ingeniería Comercial. | ||
| 952 | |0 0 |1 0 |2 ddc |4 2 |6 SEM___ING_COM__C_387_200800000000000_UNACH_CD |7 0 |9 62591 |a UNACH |b UNACH |c Hemeroteca |d 2009-08-10 |i 35.222 |l 2 |o Sem. Ing Com. / C 387 2008 UNACH CD. |p 63726 |r 2016-10-05 00:00:00 |s 2016-10-05 |u 62591 |w 2012-08-08 |y LTS |k Sem. Ing Com. / C 387 2008 UNACH CD. | ||
| 999 | |c 26584 |d 26584 | ||